00939cam a2200265 i 4500999001500000001000600015003000900021005001700030008004100047020001800088040003800106082001800144245009000162264004500252300002800297336002600325337002800351338002700379504005100406650003000457700002100487700001900508942001200527952013400539 c1306d130620064BD-DhUAP20200205123007.0200205s2014 enk b 001 0 eng c a9781781002698 aBD-DhUAPbEngcBD-DhUAPdBD-DhUAP 223a342.5 COM00aComparative constitutional law in Asia /cEdited by Rosalind Dixon and Tom Ginsburg.  1aCheltenham, UK : bEdward Elgar,cc2014. aix, 353 pages ;c25 cm. atextbtxt2rdacontent aunmediatedbn2rdamedia avolumebnc2rdacarrier aIncludes bibliographical references and index. 0aConstitutional lawzAsia.1 aDixon, Rosalind.1 aGinsburg, Tom. 2ddccBK 00102ddc4070aUAPCLbUAPCLcGeneral Stacksd2020-02-05l6m2o342.5 COMp3010020064r2026-04-07s2026-02-05t1w2020-02-05yBK